[Event "CHN-ch U14"]
[Site "Shanghai"]
[Date "2024.02.20"]
[Round "10"]
[White "Liu, Yijun"]
[Black "Jin, Hongtao"]
[Result "1/2-1/2"]
[WhiteElo "1686"]
[BlackElo "1884"]
[PlyCount "63"]
[EventDate "2024.02.16"]
[EventType "swiss"]
[EventRounds "11"]
[EventCountry "CHN"]
[SourceTitle "CBM 218 Extra"]
[Source "ChessBase"]
[SourceDate "2024.03.31"]
[SourceVersion "1"]
[SourceVersionDate "2024.03.31"]
[SourceQuality "1"]

1. d4 Nf6 2. Nf3 g6 3. Bf4 Bg7 4. e3 0-0 5. h3 d6 6. Be2 b6 7. 0-0 Bb7 8. c3 c5 9. Nbd2 Nbd7 10. Bh2 Qc7 11. Re1 Ne4 12. Nxe4 Bxe4 13. Nd2 Bb7 14. a4 a6 15. Qb3 e5 16. dxe5 dxe5 17. Rad1 Bc6 18. e4 b5 19. axb5 axb5 20. Bxb5 Rfb8 21. c4 Ra5 22. Qd3 Bxb5 23. cxb5 Raxb5 24. Nc4 R5b7 25. Qd5 Nb6 26. Nxb6 Rxb6 27. Rc1 Rxb2 28. Qxc5 Qxc5 29. Rxc5 Bf8 30. Rc4 Rb1 31. Kf1 Rxe1+ 32. Kxe1 1/2-1/2

[Event "CHN-ch U14"]
[Site "Shanghai"]
[Date "2024.02.18"]
[Round "5"]
[White "Liu, Yijun"]
[Black "Jiang, Haochen"]
[Result "0-1"]
[WhiteElo "1686"]
[BlackElo "2294"]
[PlyCount "90"]
[EventDate "2024.02.16"]
[EventType "swiss"]
[EventRounds "11"]
[EventCountry "CHN"]
[SourceTitle "CBM 218 Extra"]
[Source "ChessBase"]
[SourceDate "2024.03.31"]
[SourceVersion "1"]
[SourceVersionDate "2024.03.31"]
[SourceQuality "1"]

1. Nf3 Nf6 2. g3 d5 3. Bg2 c6 4. 0-0 Bf5 5. d3 h6 6. Nbd2 Nbd7 7. Re1 Bh7 8. b3 e5 9. e4 d4 10. h3 a5 11. a4 Bb4 12. Ba3 Bxa3 13. Rxa3 Qe7 14. Ra1 0-0 15. Nc4 Ne8 16. Qd2 b6 17. h4 Nd6 18. Nxd6 Qxd6 19. Bh3 Rae8 20. Qe2 Nc5 21. Nd2 Na6 22. Nc4 Qc5 23. Kh1 Nb4 24. f4 exf4 25. gxf4 b5 26. axb5 cxb5 27. Ne5 Qxc2 28. Rxa5 Qc3 29. Raa1 Rxe5 30. fxe5 Nxd3 31. Rf1 Nf4 32. Rxf4 Qxa1+ 33. Kg2 Ra8 34. Rf2 Qb1 35. Bf5 Ra1 36. Rf1 Qxf1+ 37. Qxf1 Rxf1 38. Kxf1 Bxf5 39. exf5 g5 40. fxg6 fxg6 41. Ke2 g5 42. hxg5 hxg5 43. Kd3 Kf7 44. Kxd4 Ke6 45. Ke4 b4 0-1

[Event "CHN-ch U14"]
[Site "Shanghai"]
[Date "2024.02.18"]
[Round "6"]
[White "Shi, Liaoxing"]
[Black "Liu, Yijun"]
[Result "1/2-1/2"]
[WhiteElo "1547"]
[BlackElo "1686"]
[PlyCount "75"]
[EventDate "2024.02.16"]
[EventType "swiss"]
[EventRounds "11"]
[EventCountry "CHN"]
[SourceTitle "CBM 218 Extra"]
[Source "ChessBase"]
[SourceDate "2024.03.31"]
[SourceVersion "1"]
[SourceVersionDate "2024.03.31"]
[SourceQuality "1"]

1. c4 c6 2. Nf3 d5 3. d4 Nf6 4. Nc3 dxc4 5. a4 Bf5 6. e3 e6 7. Bxc4 Bb4 8. 0-0 0-0 9. Bd2 a5 10. Ne2 Bxd2 11. Qxd2 Nbd7 12. Nc3 h6 13. h3 Qe7 14. Rfd1 Rfd8 15. Qe2 Ne4 16. Nd2 Nxd2 17. Qxd2 Nb6 18. Bd3 Bxd3 19. Qxd3 Nd5 20. Ne4 Nb4 21. Qc4 Na6 22. Rd2 Rd7 23. Rad1 Rad8 24. Kf1 Rd5 25. Nc3 R5d7 26. Ne4 f5 27. Ng3 Kh7 28. Ke1 Rf8 29. Ne2 g5 30. e4 fxe4 31. Qc2 Qf6 32. Qxe4+ Qg6 33. Qe3 Nb4 34. Kf1 Nd5 35. Qg3 Rdf7 36. Nc3 Rf4 37. Re1 h5 38. Re5 1/2-1/2

[Event "CHN-ch sf"]
[Site "Hefei"]
[Date "2023.04.28"]
[Round "11"]
[White "Liu, Yijun"]
[Black "Bai, Changlin"]
[Result "1/2-1/2"]
[WhiteElo "1421"]
[BlackElo "1910"]
[PlyCount "128"]
[EventDate "2023.04.23"]
[EventType "swiss"]
[EventRounds "11"]
[EventCountry "CHN"]
[SourceTitle "CBM 214 Extra"]
[Source "ChessBase"]
[SourceDate "2023.07.31"]
[SourceVersion "1"]
[SourceVersionDate "2023.07.31"]
[SourceQuality "1"]

1. d4 Nf6 2. Bf4 d5 3. e3 c5 4. Nf3 Bf5 5. Nbd2 Nc6 6. dxc5 e6 7. Nb3 Nd7 8. Nbd4 Bg4 9. h3 Bxf3 10. Nxf3 Bxc5 11. a3 0-0 12. Be2 a6 13. b4 Be7 14. c4 Bf6 15. Rc1 Bb2 16. cxd5 exd5 17. Rb1 Bxa3 18. Qa4 Bxb4+ 19. Rxb4 b5 20. Qa3 Nxb4 21. Qxb4 Nb6 22. 0-0 Re8 23. Nd4 Nc4 24. Bf3 Qd7 25. Rd1 Red8 26. Qb1 Na3 27. Qd3 Nc4 28. Qb3 Na5 29. Qa2 Nc4 30. Nc2 Qe6 31. Nb4 a5 32. Nxd5 Ne5 33. Be4 Ng6 34. Qb1 b4 35. Bxg6 hxg6 36. Nc7 Rxd1+ 37. Qxd1 Qc6 38. Nxa8 Qxa8 39. Bd6 Qc6 40. Bxb4 axb4 41. Qd8+ Kh7 42. Qh4+ Kg8 43. Qxb4 Qc1+ 44. Kh2 Qc7+ 45. g3 Qc2 46. Qb8+ Kh7 47. Qf4 Kg8 48. Kg2 Qc6+ 49. Qf3 Qe6 50. h4 Kh7 51. g4 Qe7 52. Kg3 Kg8 53. g5 Qd6+ 54. Qf4 Qd1 55. Kh2 Qd5 56. e4 Qd4 57. Kg3 Qd3+ 58. Kg2 Qd4 59. Kg3 Qd3+ 60. Kg2 Qd4 61. Kg3 Qd3+ 62. Qf3 Qd6+ 63. Kg2 Qd4 64. Qf4 Qc4 1/2-1/2

[Event "CHN-ch sf"]
[Site "Hefei"]
[Date "2023.04.23"]
[Round "2"]
[White "Liu, Yijun"]
[Black "Zhang, Yinzhe"]
[Result "1-0"]
[WhiteElo "1421"]
[BlackElo "1960"]
[PlyCount "103"]
[EventDate "2023.04.23"]
[EventType "swiss"]
[EventRounds "11"]
[EventCountry "CHN"]
[SourceTitle "CBM 214 Extra"]
[Source "ChessBase"]
[SourceDate "2023.07.31"]
[SourceVersion "1"]
[SourceVersionDate "2023.07.31"]
[SourceQuality "1"]

1. c4 Nf6 2. Nc3 e6 3. e4 d6 4. d4 c5 5. Nf3 cxd4 6. Nxd4 a6 7. Be2 Be7 8. 0-0 Qc7 9. Be3 0-0 10. Rc1 Nbd7 11. f3 b6 12. Qd2 Bb7 13. Rfd1 Rfe8 14. b3 Rac8 15. Bf1 Bf8 16. Qf2 Qb8 17. g4 h6 18. h4 d5 19. g5 hxg5 20. hxg5 Nh7 21. cxd5 exd5 22. Bh3 Rcd8 23. Nxd5 Bxd5 24. exd5 Bc5 25. g6 fxg6 26. Be6+ Kh8 27. Nc6 Bxe3 28. Qxe3 Qg3+ 29. Kf1 Ra8 30. Qf2 Qd6 31. Kg2 Ndf8 32. Bf7 Rec8 33. Qg3 Qf6 34. Ne5 g5 35. Rc6 Rxc6 36. dxc6 Rc8 37. Bc4 Ne6 38. Bxe6 Qxe6 39. Rd6 Qe8 40. Qg4 Nf8 41. Qf5 Kg8 42. Rd7 Ne6 43. Rd6 Nf8 44. Qxg5 b5 45. f4 a5 46. Qf5 Rc7 47. Kg3 a4 48. Rd2 axb3 49. axb3 Qe7 50. Qd3 Qb4 51. Qd5+ Kh8 52. Rh2+ 1-0

[Event "Eastern Asia-ch U10"]
[Site "Tornelo INT"]
[Date "2021.10.30"]
[Round "6"]
[White "Liu, Yijun"]
[Black "Duong, Vu Anh"]
[Result "1/2-1/2"]
[WhiteElo "1421"]
[BlackElo "1382"]
[PlyCount "75"]
[EventDate "2021.10.29"]
[EventType "swiss"]
[EventRounds "9"]
[EventCountry "NET"]
[SourceTitle "EXT 2023"]
[Source "ChessBase"]
[SourceDate "2022.10.05"]
[SourceVersion "1"]
[SourceVersionDate "2022.10.05"]
[SourceQuality "1"]

1. Nf3 Nf6 2. g3 e6 3. c4 Be7 4. Bg2 0-0 5. Nc3 d5 6. cxd5 exd5 7. d4 h6 8. 0-0 c6 9. Bf4 Nh5 10. Bd2 a5 11. Rc1 Nf6 12. Ne5 Nbd7 13. Nd3 Nb6 14. b3 Bf5 15. Nc5 Ra7 16. f3 Nbd7 17. Nxd7 Qxd7 18. Be3 Ba3 19. Bf2 Bxc1 20. Qxc1 Bh3 21. Na4 Bxg2 22. Kxg2 Raa8 23. Nb6 Qe7 24. Nxa8 Rxa8 25. Re1 a4 26. Qc2 axb3 27. axb3 Re8 28. e3 g5 29. h3 Qe6 30. g4 Ra8 31. Rh1 h5 32. Qb2 Kg7 33. Ra1 Rh8 34. Rh1 Rh6 35. Qb1 Rh8 36. Qb2 Qc8 37. Qc2 Qe6 38. Qb2 1/2-1/2

[Event "Eastern Asia-ch U10"]
[Site "Tornelo INT"]
[Date "2021.10.29"]
[Round "3"]
[White "Anand, Aaditya"]
[Black "Liu, Yijun"]
[Result "0-1"]
[WhiteElo "1020"]
[BlackElo "1421"]
[PlyCount "114"]
[EventDate "2021.10.29"]
[EventType "swiss"]
[EventRounds "9"]
[EventCountry "NET"]
[SourceTitle "EXT 2023"]
[Source "ChessBase"]
[SourceDate "2022.10.05"]
[SourceVersion "1"]
[SourceVersionDate "2022.10.05"]
[SourceQuality "1"]

1. e4 c5 2. Nf3 Nc6 3. d4 cxd4 4. Nxd4 Nf6 5. Nc3 e5 6. Ndb5 d6 7. Bg5 a6 8. Na3 b5 9. Nd5 Be7 10. Bxf6 Bxf6 11. c3 Bg5 12. Nc2 0-0 13. h4 Bh6 14. g4 Bf4 15. Qf3 Be6 16. Nxf4 exf4 17. Qxf4 Ne5 18. Be2 Qc8 19. f3 Bc4 20. Nd4 Bxe2 21. Kxe2 Qc4+ 22. Ke3 b4 23. Rac1 bxc3 24. Rxc3 Qxa2 25. Rhc1 Rab8 26. R1c2 Rxb2 27. Qg5 Rxc2 28. Rxc2 Qb1 29. f4 Qg1+ 30. Kd2 Qxd4+ 31. Kc1 Nd3+ 32. Kd1 Nxf4+ 33. Ke1 Qxe4+ 34. Kd1 Qd3+ 35. Rd2 Qf1+ 36. Kc2 Rc8+ 37. Kb3 Qf3+ 38. Ka2 Ne6 39. Qe7 Rb8 40. Rb2 Rxb2+ 41. Kxb2 Qf6+ 42. Qxf6 gxf6 43. Kc3 d5 44. h5 d4+ 45. Kd3 h6 46. Ke4 a5 47. Kf5 a4 48. Kxf6 d3 49. g5 Nxg5 50. Ke7 d2 51. Kf6 d1Q 52. Kf5 Qd5+ 53. Kg4 Qe4+ 54. Kg3 Qf3+ 55. Kh2 Ne4 56. Kg1 Qf2+ 57. Kh1 Ng3# 0-1